[Event "36th Zalakaros Open 2017"]
[Site "Zalakaros HUN"]
[Date "2017.05.18"]
[Round "1.50"]
[White "Czupor, Attila"]
[Black "Farago, Ivan"]
[Result "1/2-1/2"]
[BlackTitle "GM"]
[WhiteElo "2230"]
[BlackElo "2411"]
[WhiteFideId "752495"]
[BlackFideId "700134"]
[EventDate "2017.05.18"]

1. e4 c5 2. Nf3 e6 3. d4 cxd4 4. Nxd4 a6 5. c4 Nf6 6. Bd3 Nc6 7. Nxc6 dxc6 8.
Qe2 e5 9. O-O Bc5 10. Be3 Bg4 11. f3 Qb6 12. Bxc5 Qxc5+ 13. Qf2 Qxf2+ 14. Kxf2
O-O-O 15. Ke3 Be6 16. Nc3 Rd4 17. b3 Rhd8 18. Rfd1 b5 19. Ne2 bxc4 20. bxc4 R4d7
21. Nc3 Ra7 22. Rab1 Kc7 23. Rd2 Rd4 24. Ne2 Rd8 25. Nc3 Rb8 26. Rxb8 Kxb8 27.
Na4 Nd7 28. Rb2+ Kc7 29. Kd2 Ra8 30. Kc3 g5 31. c5 Rd8 32. a3 a5 33. Ba6 Ra8 34.
Rb7+ Kd8 35. Bc4 Bxc4 36. Kxc4 Rb8 37. Rxb8+ Nxb8 38. Nb2 Nd7 39. Nd3 Kc7 40.
Kc3 f6 1/2-1/2

[Event "36th Zalakaros Open 2017"]
[Site "Zalakaros HUN"]
[Date "2017.05.18"]
[Round "1.51"]
[White "Kozak, Adam"]
[Black "Hardicsay, Peter"]
[Result "1-0"]
[WhiteTitle "FM"]
[BlackTitle "IM"]
[WhiteElo "2411"]
[BlackElo "2218"]
[WhiteFideId "753246"]
[BlackFideId "700622"]
[EventDate "2017.05.18"]

1. Nf3 c5 2. c4 Nf6 3. g3 b6 4. Bg2 Bb7 5. O-O g6 6. Nc3 Bg7 7. d3 O-O 8. Bd2
Nc6 9. Rb1 d5 10. cxd5 Nxd5 11. Re1 Rc8 12. Qa4 e6 13. Rbc1 h6 14. a3 Qe7 15.
Nxd5 exd5 16. b4 Ba8 17. bxc5 bxc5 18. Qb5 Nd8 19. d4 Ne6 20. dxc5 Bc6 21. Qa5
Rfd8 22. e3 Ba8 23. Nd4 Ng5 24. Bb4 Bc6 25. Qa6 Bxd4 26. exd4 Qf6 27. Qd3 Re8
28. Bd2 Ne4 29. Be3 h5 30. h4 Qf5 31. Bf4 Qd7 32. Be5 f6 33. Bf4 Bb5 34. Qc2 f5
35. f3 Nf6 36. Qd2 Qf7 37. Bd6 Kh7 38. Rb1 Bc6 39. Bf1 Rxe1 40. Rxe1 Re8 41. Ba6
Re6 42. Kf2 Ne8 43. Be5 Nf6 44. Qa5 Nd7 45. Qc7 Kg8 46. Bc8 Qe8 47. Rb1 Rxe5 48.
dxe5 Nxe5 49. Ba6 1-0

[Event "36th Zalakaros Open 2017"]
[Site "Zalakaros HUN"]
[Date "2017.05.18"]
[Round "1.52"]
[White "Jakab, Bela"]
[Black "Frolov, Artur"]
[Result "0-1"]
[BlackTitle "IM"]
[WhiteElo "2216"]
[BlackElo "2410"]
[WhiteFideId "14933128"]
[BlackFideId "14100134"]
[EventDate "2017.05.18"]

1. e4 c5 2. Nf3 Nc6 3. c3 d5 4. exd5 Qxd5 5. d4 Nf6 6. Be3 cxd4 7. cxd4 e6 8.
Nc3 Qd8 9. Bb5 Bd7 10. O-O Be7 11. d5 exd5 12. Nxd5 Nxd5 13. Qxd5 O-O 14. Rfd1
Be6 15. Qe4 Qa5 16. Bd3 g6 17. Nd4 Nxd4 18. Bxd4 Rad8 19. Bc3 Qg5 20. h4 Qg4 21.
Qe5 f6 22. Qe3 Bd5 23. f3 Qe6 24. Qf2 b6 25. Kh1 Bc5 26. Qg3 Bd6 27. Qf2 Bb8 28.
Bb4 Rfe8 29. Re1 Qf7 30. Rxe8+ Rxe8 31. Bb5 Qc7 32. g3 Re5 33. Bd3 Qc6 34. Kg2
Qe6 35. Bd2 g5 36. hxg5 fxg5 37. Rh1 g4 38. Bxh7+ Kg7 39. Be4 Rxe4 40. Bc3+ Kg6
41. Kg1 Re2 42. Qd4 Re1+ 0-1

[Event "36th Zalakaros Open 2017"]
[Site "Zalakaros HUN"]
[Date "2017.05.18"]
[Round "1.53"]
[White "Manea, Alexandru"]
[Black "Havanecz, Bianka"]
[Result "1-0"]
[WhiteTitle "IM"]
[BlackTitle "WIM"]
[WhiteElo "2410"]
[BlackElo "2210"]
[WhiteFideId "1207660"]
[BlackFideId "704814"]
[EventDate "2017.05.18"]

1. c4 c5 2. Nc3 Nc6 3. Nf3 g6 4. e3 Nf6 5. d4 cxd4 6. exd4 d5 7. cxd5 Nxd5 8.
Bc4 Nxc3 9. Qb3 e6 10. bxc3 Bd7 11. Bd3 Na5 12. Qd1 Qc7 13. O-O Bd6 14. Bh6
O-O-O 15. Bg7 Rhg8 16. Bf6 Rdf8 17. c4 Bc6 18. Rc1 Bxf3 19. Qxf3 Bxh2+ 20. Kh1
Bf4 21. Rc2 g5 22. g3 Bd6 23. c5 Be7 24. Be5 Qd7 25. c6 Nxc6 26. Be4 Kd8 27.
Rxc6 bxc6 28. Bxc6 Qc8 29. Qc3 Bb4 30. Bf6+ Kc7 31. Qxb4 1-0

[Event "36th Zalakaros Open 2017"]
[Site "Zalakaros HUN"]
[Date "2017.05.18"]
[Round "1.54"]
[White "Pujari, Rucha"]
[Black "Juhasz, Armin"]
[Result "1/2-1/2"]
[WhiteTitle "WFM"]
[BlackTitle "IM"]
[WhiteElo "2203"]
[BlackElo "2410"]
[WhiteFideId "5024528"]
[BlackFideId "724270"]
[EventDate "2017.05.18"]

1. Nf3 Nf6 2. g3 d5 3. Bg2 c6 4. b3 Bg4 5. Bb2 Nbd7 6. d3 e6 7. O-O Bd6 8. e4
O-O 9. Re1 dxe4 10. dxe4 Be5 11. Bxe5 Nxe5 12. Qxd8 Nxf3+ 13. Bxf3 Raxd8 14.
Bxg4 Nxg4 15. Nc3 Rd2 16. Re2 Rxe2 17. Nxe2 Rd8 18. Nc3 Kf8 19. Rd1 Rxd1+ 20.
Nxd1 Ke7 21. f3 Ne5 22. Kf2 g5 23. h3 Ng6 24. Ke3 f5 25. exf5 exf5 26. Nf2 Kd6 1/2-1/2

[Event "36th Zalakaros Open 2017"]
[Site "Zalakaros HUN"]
[Date "2017.05.18"]
[Round "1.55"]
[White "Cuhendi, Sean Winshand"]
[Black "Csiki, Endre"]
[Result "1-0"]
[WhiteTitle "IM"]
[WhiteElo "2407"]
[BlackElo "2200"]
[WhiteFideId "7101554"]
[BlackFideId "775126"]
[EventDate "2017.05.18"]

1. e4 e6 2. Qe2 c5 3. g3 Nc6 4. c3 d5 5. exd5 Qxd5 6. Nf3 Nf6 7. Bg2 Be7 8. O-O
O-O 9. Na3 e5 10. Ng5 Qd7 11. d3 Qc7 12. Nc4 Bg4 13. f3 Bh5 14. g4 Bg6 15. f4
exf4 16. Bxf4 Qd8 17. Ne4 Nxe4 18. dxe4 Qd7 19. Rad1 Qe6 20. Nd6 Ne5 21. Nf5
Rad8 22. Rd5 Nc6 23. Qc4 b6 24. Rfd1 Bf6 25. g5 Be5 26. Rxd8 Qxc4 27. Ne7+ Nxe7
28. Rxf8+ 1-0

[Event "36th Zalakaros Open 2017"]
[Site "Zalakaros HUN"]
[Date "2017.05.18"]
[Round "1.56"]
[White "Szente Varga, Fruzsina"]
[Black "Saptarshi, Roy"]
[Result "0-1"]
[BlackTitle "IM"]
[WhiteElo "2190"]
[BlackElo "2407"]
[WhiteFideId "712264"]
[BlackFideId "5008980"]
[EventDate "2017.05.18"]

1. e4 d5 2. exd5 Qxd5 3. Nc3 Qa5 4. d4 Nf6 5. Bc4 c6 6. Nf3 Bf5 7. Qe2 e6 8. Bd2
Qc7 9. O-O-O Nbd7 10. Nh4 Bg6 11. Nxg6 hxg6 12. d5 cxd5 13. Nxd5 Nxd5 14. Bxd5
O-O-O 15. Bf3 Be7 16. Bc3 Bf6 17. Rd3 Nc5 18. Rxd8+ Rxd8 19. Bxf6 gxf6 20. g3 e5
21. Rd1 Rxd1+ 22. Kxd1 Qd7+ 23. Ke1 Kb8 24. Qc4 Ne6 25. c3 f5 26. Bd5 e4 27. h4
a6 28. a4 Qd6 29. b4 e3 30. Kf1 f4 31. Bxe6 fxg3 32. Bg4 f5 33. Bf3 gxf2 34. Qd5
Qc7 35. Ke2 f4 36. Qe4 Qf7 37. c4 Ka8 38. b5 Qg7 39. Qb1 Qc3 40. Bxb7+ Ka7 41.
Bg2 Qxc4+ 42. Kf3 Qd5+ 0-1

[Event "36th Zalakaros Open 2017"]
[Site "Zalakaros HUN"]
[Date "2017.05.18"]
[Round "1.57"]
[White "Havasi, Gergo"]
[Black "Karacsonyi, Gellert"]
[Result "1/2-1/2"]
[WhiteElo "2402"]
[BlackElo "2189"]
[WhiteFideId "760293"]
[BlackFideId "764620"]
[EventDate "2017.05.18"]

1. e4 c5 2. Nf3 Nc6 3. Bb5 g6 4. Bxc6 dxc6 5. d3 Bg7 6. h3 e5 7. Be3 Qe7 8. Nc3
Nf6 9. Qd2 Nd7 10. Bh6 f6 11. O-O-O Nf8 12. Bxg7 Qxg7 13. Ne2 Ne6 14. g4 Bd7 15.
Kb1 O-O-O 16. c3 Qe7 17. Qe3 Rhe8 18. Rd2 b6 19. Rhd1 Kb7 20. Nh2 Bc8 21. Nf1
Ka8 22. Nfg3 Ba6 23. f3 Rd6 24. d4 Red8 25. dxe5 fxe5 26. Kc1 Kb7 27. f4 exf4
28. Nxf4 Nxf4 29. Qxf4 Rxd2 30. Rxd2 Rxd2 31. Kxd2 Qe6 32. b3 Qd7+ 33. Kc1 Qd3
34. c4 Qc3+ 35. Kb1 Qd3+ 36. Kb2 Qd4+ 37. Kb1 b5 38. cxb5 Bxb5 39. a4 Bd3+ 40.
Ka2 Qc3 41. Qf2 Ka6 42. Qb2 Qe1 43. Qf6 Bxe4 44. Nxe4 Qxe4 45. Qf7 Qc2+ 46. Ka3
Qc1+ 47. Ka2 Qd2+ 48. Ka3 Qb4+ 49. Kb2 Qd2+ 1/2-1/2

[Event "36th Zalakaros Open 2017"]
[Site "Zalakaros HUN"]
[Date "2017.05.18"]
[Round "1.58"]
[White "Ugroczky, Peter"]
[Black "Meszaros, Tamas"]
[Result "0-1"]
[WhiteTitle "FM"]
[BlackTitle "IM"]
[WhiteElo "2185"]
[BlackElo "2401"]
[WhiteFideId "758663"]
[BlackFideId "717410"]
[EventDate "2017.05.18"]

1. e4 e5 2. Nf3 Nc6 3. Bb5 a6 4. Ba4 Nf6 5. d4 exd4 6. O-O Be7 7. Re1 b5 8. Bb3
d6 9. Bd5 Nxd5 10. exd5 Ne5 11. Nxd4 O-O 12. a4 Bg4 13. f3 Bd7 14. Nc3 b4 15.
Ne4 Qb8 16. f4 Ng4 17. h3 Nf6 18. Ng3 Re8 19. Qf3 Qb7 20. Ngf5 Bf8 21. Ne3 Re4
22. Ne2 Rae8 23. Ng3 R4e7 24. Rd1 Qb6 25. Nf1 c6 26. Kh2 cxd5 27. Nxd5 Nxd5 28.
Qxd5 Bc6 29. Qd4 Qxd4 30. Rxd4 Re2 31. Rd2 Rxd2 32. Nxd2 Re2 33. h4 Rxg2+ 34.
Kh3 Be7 35. c3 Rg1 36. cxb4 Rh1+ 37. Kg3 Bxh4+ 38. Kg4 h5+ 39. Kxh5 Bd7 0-1

[Event "36th Zalakaros Open 2017"]
[Site "Zalakaros HUN"]
[Date "2017.05.18"]
[Round "1.59"]
[White "Hradeczky, Tamas"]
[Black "Del Rey, Diego"]
[Result "0-1"]
[WhiteTitle "FM"]
[BlackTitle "IM"]
[WhiteElo "2146"]
[BlackElo "2352"]
[WhiteFideId "701467"]
[BlackFideId "102164"]
[EventDate "2017.05.18"]

1. d4 d6 2. Nf3 Nf6 3. c4 g6 4. Nc3 Bg7 5. g3 O-O 6. Bg2 Nbd7 7. O-O c6 8. b3 e5
9. e4 exd4 10. Nxd4 Re8 11. h3 Nc5 12. Re1 Qb6 13. Be3 a5 14. Nc2 Qc7 15. Bf4
Bf8 16. Qd2 Nfd7 17. g4 Ne5 18. Bg3 Ned3 19. Re2 Bd7 20. Ne1 Nxe1 21. Raxe1 Rad8
22. Rd1 Be6 23. Qg5 Qb6 24. Qe3 a4 25. Nxa4 Nxa4 26. bxa4 Qxe3 27. Rxe3 Bxc4 28.
Rb1 Rd7 29. a3 Ra8 30. Rc3 Rxa4 31. Bf3 d5 32. exd5 cxd5 33. Rd1 b5 0-1

[Event "36th Zalakaros Open 2017"]
[Site "Zalakaros HUN"]
[Date "2017.05.19"]
[Round "2.1"]
[White "Puranik, Abhimanyu"]
[Black "Rapport, Richard"]
[Result "1-0"]
[WhiteTitle "IM"]
[BlackTitle "GM"]
[WhiteElo "2459"]
[BlackElo "2698"]
[WhiteFideId "5061245"]
[BlackFideId "738590"]
[EventDate "2017.05.18"]

1. e4 e5 2. Nf3 Nc6 3. Bb5 a6 4. Ba4 Nge7 5. O-O Ng6 6. c3 b5 7. Bb3 Na5 8. Bc2
Be7 9. a4 b4 10. d4 exd4 11. Nxd4 O-O 12. cxb4 Bxb4 13. Nc3 Re8 14. f4 Bb7 15.
f5 Ne5 16. f6 g6 17. Nd5 Bxd5 18. exd5 c5 19. Ne2 c4 20. Nc3 Rb8 21. Kh1 Bf8 22.
Rb1 Nb3 23. Bf4 Qb6 24. Ne4 Rbc8 25. Ng5 Nc5 26. Qd4 Ned3 27. Bxd3 cxd3 28. Be3
Qb3 29. Qh4 h6 30. Nxf7 Kxf7 31. Bxh6 Re4 32. Bf4 Qxd5 33. Qh7+ Ke8 34. f7+ Qxf7
35. Bd6 Re7 36. Rxf7 Rxf7 37. Qxg6 Bxd6 38. Rf1 1-0

[Event "36th Zalakaros Open 2017"]
[Site "Zalakaros HUN"]
[Date "2017.05.19"]
[Round "2.2"]
[White "Nisipeanu, Liviu-Dieter"]
[Black "Livaic, Leon"]
[Result "1/2-1/2"]
[WhiteTitle "GM"]
[BlackTitle "IM"]
[WhiteElo "2686"]
[BlackElo "2464"]
[WhiteFideId "1202758"]
[BlackFideId "14531534"]
[EventDate "2017.05.18"]

1. d4 d5 2. Nf3 Nf6 3. c4 e6 4. g3 Bb4+ 5. Bd2 Be7 6. Bg2 O-O 7. O-O c6 8. Qc2
Ne4 9. Nc3 Nxd2 10. Nxd2 Bf6 11. e3 Nd7 12. b4 a6 13. Rfd1 b5 14. cxd5 exd5 15.
Nb3 Nb6 16. Na5 Bg4 17. Rdc1 Qd7 18. Nb1 Nc4 19. Nd2 Bf5 20. Qc3 Rac8 21. Nab3
Be7 22. a4 h5 23. Nc5 Bxc5 24. dxc5 Nxd2 25. Qxd2 Rfe8 26. Re1 Re7 27. axb5 axb5
28. e4 Bxe4 29. Bxe4 dxe4 30. Qxd7 Rxd7 31. Rxe4 g6 32. Kg2 Rcc7 33. Ra6 Kg7 34.
h3 Rd3 35. g4 hxg4 36. hxg4 Kf6 37. f3 Kg5 38. Kg3 Kf6 39. Ra8 Kg5 40. Re5+ Kf6
41. Rae8 Kg7 42. Re4 g5 43. Ra8 Rb3 44. Re5 f6 45. Ree8 1/2-1/2

[Event "36th Zalakaros Open 2017"]
[Site "Zalakaros HUN"]
[Date "2017.05.19"]
[Round "2.3"]
[White "Kovalenko, Igor"]
[Black "Krzyzanowski, Marcin"]
[Result "1-0"]
[WhiteTitle "GM"]
[BlackTitle "IM"]
[WhiteElo "2657"]
[BlackElo "2457"]
[WhiteFideId "14117908"]
[BlackFideId "1132199"]
[EventDate "2017.05.18"]

1. c4 c6 2. Nf3 d5 3. e3 Nf6 4. Nc3 e6 5. b3 Bd6 6. d4 Nbd7 7. Bd3 b6 8. O-O Bb7
9. Bb2 O-O 10. Qc2 Qe7 11. Rfe1 e5 12. c5 bxc5 13. dxe5 Nxe5 14. Nxe5 Qxe5 15.
f4 Qh5 16. Na4 d4 17. g3 c4 18. Be2 Ng4 19. Bxg4 Qxg4 20. Qd1 Qg6 21. Qxd4 c5
22. Qxc4 h5 23. Rad1 Rfd8 24. Nc3 h4 25. f5 Qxf5 26. Rf1 Qg6 27. Qxh4 Bc7 28. e4
Rxd1 29. Rxd1 Be5 30. Nd5 Bxd5 31. Rxd5 Bxb2 32. Rh5 Bd4+ 33. Kg2 f5 34. Rh8+
Kf7 35. Rxa8 Qa6 36. Qh5+ g6 37. Qh7+ Bg7 38. Qg8+ Kf6 39. Qd8+ Kf7 40. Qe8+ Kf6 1-0

[Event "36th Zalakaros Open 2017"]
[Site "Zalakaros HUN"]
[Date "2017.05.19"]
[Round "2.4"]
[White "Nemeth, Miklos1"]
[Black "Gupta, Abhijeet"]
[Result "1/2-1/2"]
[WhiteTitle "IM"]
[BlackTitle "GM"]
[WhiteElo "2451"]
[BlackElo "2626"]
[WhiteFideId "720232"]
[BlackFideId "5010608"]
[EventDate "2017.05.18"]

1. e4 c5 2. Nf3 d6 3. d4 cxd4 4. Nxd4 Nf6 5. Nc3 a6 6. Bg5 Nbd7 7. f4 Qb6 8. a3
h6 9. Bh4 e5 10. Nf5 exf4 11. Bf2 Qa5 12. Qd2 Ne5 13. Qxf4 Bxf5 14. Qxf5 Be7 15.
Be2 O-O 16. O-O Rac8 17. Kh1 Rfe8 18. Rad1 Qc7 19. Bh4 Qd7 20. Bxf6 Qxf5 21.
exf5 Bxf6 22. Rxd6 Nc4 23. Bxc4 Rxc4 24. Rd3 Rf4 25. Rdd1 Rxf1+ 26. Rxf1 Bxc3
27. bxc3 Re3 28. Rb1 b5 29. a4 bxa4 30. Ra1 Re4 31. Kg1 Kf8 32. Kf2 Ke7 33. Kf3
Rc4 34. Ke2 Kd6 35. Kd3 Kd5 36. g3 h5 37. h3 Re4 38. Ra2 h4 39. g4 g5 40. fxg6
fxg6 41. Ra1 Rf4 42. Ke3 g5 43. Ke2 Kc5 44. Ke3 Kd5 45. Ke2 Ke5 46. Ke3 Rc4 47.
Kd3 Re4 48. c4 Rf4 49. Re1+ Kd6 50. Kc3 Rf3+ 51. Kd4 Rxh3 52. c5+ Kd7 53. Kd5
Rc3 54. Rf1 a3 55. Rf7+ Ke8 56. Rf1 Rxc2 57. Kd6 Rd2+ 58. Kc7 a2 59. c6 h3 60.
Kc8 Rb2 61. c7 h2 62. Re1+ Kf7 63. Kd7 Rd2+ 64. Kc6 Rc2+ 65. Kd7 Rd2+ 66. Kc6
Rc2+ 67. Kd7 Rd2+ 68. Kc6 Rc2+ 69. Kd7 1/2-1/2

[Event "36th Zalakaros Open 2017"]
[Site "Zalakaros HUN"]
[Date "2017.05.19"]
[Round "2.5"]
[White "Banusz, Tamas"]
[Black "Nguyen, Piotr"]
[Result "1-0"]
[WhiteTitle "GM"]
[BlackTitle "IM"]
[WhiteElo "2616"]
[BlackElo "2453"]
[WhiteFideId "722413"]
[BlackFideId "1127993"]
[EventDate "2017.05.18"]

1. d4 Nf6 2. c4 g6 3. Nf3 Bg7 4. g3 O-O 5. Bg2 d6 6. O-O Nc6 7. Nc3 a6 8. Qd3 e5
9. dxe5 dxe5 10. Qxd8 Rxd8 11. Bg5 Be6 12. Nd2 h6 13. Bxf6 Bxf6 14. Nde4 Be7 15.
Nd5 Bxd5 16. cxd5 Nb4 17. Nc3 c6 18. dxc6 Nxc6 19. Nd5 Bc5 20. Rac1 Ba7 21. e3
Rd6 22. Rc4 Rad8 23. Nc3 Kf8 24. Bxc6 Rxc6 25. Rxc6 bxc6 26. Rc1 Ke7 27. Kf1 f5
28. Ke2 Kd6 29. Na4 Rf8 30. b3 g5 31. h3 h5 32. g4 f4 33. Nc3 hxg4 34. hxg4 Rh8
35. Ne4+ Kd5 36. Rd1+ Ke6 37. Rd6+ Ke7 38. Rxc6 1-0

[Event "36th Zalakaros Open 2017"]
[Site "Zalakaros HUN"]
[Date "2017.05.19"]
[Round "2.6"]
[White "Prohaszka, Peter2"]
[Black "Gazik, Viktor"]
[Result "1/2-1/2"]
[WhiteTitle "GM"]
[BlackTitle "IM"]
[WhiteElo "2596"]
[BlackElo "2449"]
[WhiteFideId "726265"]
[BlackFideId "14928752"]
[EventDate "2017.05.18"]

1. d4 Nf6 2. Nf3 g6 3. Bf4 Bg7 4. e3 O-O 5. h3 d6 6. c3 c5 7. dxc5 dxc5 8. Qxd8
Rxd8 9. Bc7 Rf8 10. a4 Nc6 11. Nbd2 Bf5 12. Be2 Rac8 13. Bh2 Rfd8 14. a5 Ne4 15.
g4 Nxd2 16. Nxd2 Be6 17. Nf3 1/2-1/2

[Event "36th Zalakaros Open 2017"]
[Site "Zalakaros HUN"]
[Date "2017.05.19"]
[Round "2.7"]
[White "Basso, Pier Luigi"]
[Black "Papp, Gabor1"]
[Result "1/2-1/2"]
[WhiteTitle "IM"]
[BlackTitle "GM"]
[WhiteElo "2447"]
[BlackElo "2592"]
[WhiteFideId "866970"]
[BlackFideId "718602"]
[EventDate "2017.05.18"]

1. d4 Nf6 2. c4 e6 3. Nc3 Bb4 4. Qc2 O-O 5. Nf3 d5 6. a3 Bxc3+ 7. Qxc3 dxc4 8.
Qxc4 b6 9. Bg5 Ba6 10. Qa4 Qd7 11. Qxd7 Nbxd7 12. Bxf6 Nxf6 13. e3 1/2-1/2

[Event "36th Zalakaros Open 2017"]
[Site "Zalakaros HUN"]
[Date "2017.05.19"]
[Round "2.8"]
[White "Svane, Rasmus"]
[Black "Munkhgal, Gombosuren"]
[Result "1-0"]
[WhiteTitle "GM"]
[BlackTitle "IM"]
[WhiteElo "2573"]
[BlackElo "2445"]
[WhiteFideId "4657101"]
[BlackFideId "4901266"]
[EventDate "2017.05.18"]

1. Nf3 Nf6 2. g3 e6 3. Bg2 d5 4. O-O Be7 5. c4 O-O 6. b3 a5 7. Nc3 c6 8. Bb2
Nbd7 9. d4 b6 10. Nd2 Ba6 11. e4 dxe4 12. Ndxe4 Rc8 13. Re1 Nxe4 14. Nxe4 Nf6
15. Qc2 Nxe4 16. Bxe4 h6 17. Rad1 Qc7 18. Qe2 Bb4 19. Rf1 Rfd8 20. Bc2 Bf8 21.
h4 Bb7 22. Qe4 g6 23. h5 c5 24. d5 exd5 25. cxd5 Re8 26. Qg4 Bg7 27. Bxg7 Kxg7
28. hxg6 f6 29. Bf5 Rcd8 30. Be6 Qe5 31. Rfe1 Qg5 32. Qxg5 hxg5 33. Bf7 Rxe1+
34. Rxe1 Kf8 35. f4 Bc8 36. Kf2 Bf5 37. Rh1 Ke7 38. Rh7 Kd6 39. Kf3 g4+ 40. Ke3
b5 41. Rh5 Bb1 42. g7 Bxa2 43. g8=Q Rxg8 44. Bxg8 Bxb3 45. Rf5 a4 46. Rxf6+ Kd7
47. Be6+ Kd6 48. Bxg4+ Ke7 49. Re6+ Kf7 50. Bh5+ Kg7 51. Re7+ Kh6 52. g4 a3 53.
Be8 a2 54. g5# 1-0

[Event "36th Zalakaros Open 2017"]
[Site "Zalakaros HUN"]
[Date "2017.05.19"]
[Round "2.9"]
[White "Plenca, Jadranko"]
[Black "Stupak, Kirill"]
[Result "1-0"]
[WhiteTitle "IM"]
[BlackTitle "GM"]
[WhiteElo "2446"]
[BlackElo "2560"]
[WhiteFideId "14527146"]
[BlackFideId "13503758"]
[EventDate "2017.05.18"]

1. e4 e6 2. d4 d5 3. Nd2 Be7 4. Bd3 c5 5. dxc5 Nf6 6. Qe2 a5 7. Ngf3 O-O 8. O-O
Na6 9. exd5 exd5 10. Nb3 a4 11. Nbd4 Nxc5 12. Bg5 h6 13. Bh4 Nfe4 14. Bxe7 Qxe7
15. Rfe1 Qf6 16. h3 b6 17. Bb5 a3 18. b3 Ba6 19. Bxa6 Nxa6 20. Nb5 Nc3 21. Qd3
Nxb5 22. Qxb5 Rfc8 23. Rad1 Rxc2 24. Qxd5 Rac8 25. Qb5 Nc7 26. Qa4 Ne6 27. Qxa3
Nf4 28. Re3 g6 29. Qa4 Ne2+ 30. Kh1 Kg7 31. Qe4 Nf4 32. Rd2 Rxd2 33. Nxd2 Ne6
34. Nf3 Qa1+ 35. Re1 Qxa2 36. Qb7 Rc7 37. Qxb6 Rd7 38. Qe3 Qb2 39. Ne5 Rb7 40.
Nxf7 Rxf7 41. Qxe6 Qxf2 42. b4 h5 43. b5 Rf6 44. Qe5 Kh6 45. Re4 Rf8 46. Kh2 Kh7
47. Qc7+ Kh6 48. b6 Rf7 49. Qd8 Kh7 50. Qd4 Qf5 51. Re8 1-0

[Event "36th Zalakaros Open 2017"]
[Site "Zalakaros HUN"]
[Date "2017.05.19"]
[Round "2.10"]
[White "Aleksandrov, Aleksej"]
[Black "Ikeda, Junta"]
[Result "1/2-1/2"]
[WhiteTitle "GM"]
[BlackTitle "IM"]
[WhiteElo "2559"]
[BlackElo "2412"]
[WhiteFideId "13500139"]
[BlackFideId "3204731"]
[EventDate "2017.05.18"]

1. d4 Nf6 2. c4 e6 3. Nc3 Bb4 4. Qc2 d5 5. cxd5 Qxd5 6. Nf3 Qf5 7. Qxf5 exf5 8.
Bd2 c6 9. e3 h6 10. Bd3 Be6 11. O-O Be7 12. Rfd1 Nbd7 13. Be1 Nb6 14. Nd2 O-O
15. Nb3 Rfd8 16. Na5 Rd7 17. a3 g6 18. b4 Nfd5 19. Ne2 Bd6 20. Rdc1 Re7 21. Rc2
Rae8 22. Bd2 Bc8 23. Kf1 h5 24. h4 Nf6 25. a4 Ne4 26. Be1 Nd5 27. Rb2 f4 28. Nc4
Bc7 29. f3 Nd6 30. Nxd6 Nxe3+ 31. Kg1 Bxd6 32. Bf2 Nf5 33. b5 f6 34. a5 cxb5 35.
Bxb5 Rd8 36. a6 bxa6 37. Bxa6 Be6 38. Nc3 Bf7 39. Bd3 Ng3 40. Ne4 Kg7 41. Nxd6
Rxd6 42. Rb5 Be6 43. Rba5 Rdd7 44. Kh2 Nf5 45. d5 Rxd5 46. Rxd5 1/2-1/2

[Event "36th Zalakaros Open 2017"]
[Site "Zalakaros HUN"]
[Date "2017.05.19"]
[Round "2.11"]
[White "Danin, Alexandre"]
[Black "Kozak, Adam"]
[Result "1-0"]
[WhiteTitle "GM"]
[BlackTitle "FM"]
[WhiteElo "2543"]
[BlackElo "2411"]
[WhiteFideId "4144031"]
[BlackFideId "753246"]
[EventDate "2017.05.18"]

1. c4 c5 2. Nf3 Nc6 3. Nc3 g6 4. e3 Nf6 5. d4 cxd4 6. exd4 d5 7. Bg5 Be6 8. Qb3
Na5 9. Qa3 Bg7 10. cxd5 Bxd5 11. Bb5+ Nc6 12. Nxd5 Qxd5 13. Bxc6+ bxc6 14. O-O
Qd6 15. Qa6 O-O 16. Rac1 Rfc8 17. Bxf6 Bxf6 18. Rc4 Rab8 19. Rfc1 Qd7 20. b4 Rb6
21. Qa4 Kg7 22. h3 Rc7 23. a3 Qd6 24. Kf1 h6 25. Kg1 h5 26. h4 Kg8 27. g3 Kg7
28. Kg2 Kg8 29. R1c3 Kg7 30. Qc2 Qd8 31. Qe4 a5 32. Ne5 axb4 33. axb4 Bxe5 34.
dxe5 Qd7 35. e6 Qd6 36. exf7 e5 37. Rd3 Qe6 38. Rc5 Rxf7 39. Rxe5 Qf6 40. f4 Ra6
41. Re6 Qf5 42. Qxf5 gxf5 43. Rdd6 Ra2+ 44. Kh3 Rb2 45. Rg6+ Kf8 46. Rxc6 Rxb4
47. Rc5 1-0

[Event "36th Zalakaros Open 2017"]
[Site "Zalakaros HUN"]
[Date "2017.05.19"]
[Round "2.12"]
[White "Frolov, Artur"]
[Black "Shyam, Sundar M."]
[Result "1/2-1/2"]
[WhiteTitle "IM"]
[BlackTitle "GM"]
[WhiteElo "2410"]
[BlackElo "2535"]
[WhiteFideId "14100134"]
[BlackFideId "5019141"]
[EventDate "2017.05.18"]

1. e4 c5 2. Nf3 d6 3. Bb5+ Nd7 4. c4 Nf6 5. Nc3 g6 6. O-O Bg7 7. d3 O-O 8. Ba4
Nb6 9. Bb3 e5 10. Bg5 h6 11. Bd2 Nh5 12. Qc1 g5 13. Bd1 Nf4 14. Ne1 f5 15. Ne2
Qe8 16. Ng3 fxe4 17. dxe4 Be6 18. b3 h5 19. Rb1 Qg6 20. Bc2 Nc8 21. Bxf4 exf4
22. Nf5 Bf6 23. h4 gxh4 24. Qxf4 Bg5 25. Qh2 Ne7 26. Rd1 Nxf5 27. exf5 Bxf5 28.
Rxd6 Qg7 29. Bxf5 Rxf5 30. Qh3 Raf8 31. Rd5 Rxd5 32. cxd5 Qe5 33. Nf3 Qxd5 34.
Re1 Bf6 35. Nxh4 Bxh4 36. Qxh4 Rf7 37. Qe4 Qxe4 38. Rxe4 Rd7 39. Re5 b6 40. Rxh5
Rd1+ 41. Kh2 Rd2 42. a4 Rxf2 43. Rd5 1/2-1/2

[Event "36th Zalakaros Open 2017"]
[Site "Zalakaros HUN"]
[Date "2017.05.19"]
[Round "2.13"]
[White "Saptarshi, Roy"]
[Black "Sanal, Vahap"]
[Result "1-0"]
[WhiteTitle "IM"]
[BlackTitle "GM"]
[WhiteElo "2407"]
[BlackElo "2533"]
[WhiteFideId "5008980"]
[BlackFideId "6300545"]
[EventDate "2017.05.18"]

1. e4 e5 2. Nf3 Nc6 3. Bb5 a6 4. Ba4 Nf6 5. O-O Be7 6. Re1 b5 7. Bb3 O-O 8. d4
d6 9. c3 Bg4 10. d5 Na5 11. Bc2 c6 12. h3 Bc8 13. dxc6 Qc7 14. Nbd2 Qxc6 15. Nf1
Re8 16. Ng3 h6 17. Nh4 Be6 18. Nhf5 Bf8 19. Qf3 Nh7 20. b3 Ng5 21. Bxg5 hxg5 22.
Rac1 g6 23. Qg4 f6 24. h4 Qc7 25. hxg5 Qh7 26. gxf6 Kf7 27. Qg5 gxf5 28. exf5
Bd5 29. Rcd1 Bc6 30. Nh5 e4 31. g4 Re5 32. f4 Ree8 33. Re2 Bh6 34. Qh4 Bxf4 35.
g5 Bxg5 36. Qxg5 Rh8 37. Bxe4 Rag8 38. Qg6+ Qxg6+ 39. fxg6+ Rxg6+ 40. Bxg6+ Kxg6
41. Rh2 1-0